Chudobná príbuzná medzi plodinami Na východnom Slovensku tejto jari zasejú ľan na 3600 hektároch

Bibliographic Details
Main Author: Husáková, Marta (Author)
Format: Article
Language:Slovak
Subjects:

MARC

LEADER 00000nab a2200000 a 4500
001 vtls000148003
003 SK-MaSNL
005 20260302205904.0
008 111104c1983 xo 0 slo
015 |a SNBRB19rr/mm-uuuuu 
035 |a CL0158110 
040 |a SNKBUCL  |b slo  |c SNKBUCL  |e AACR2 
041 0 |a slo 
044 |a xo  |c SK 
080 |a 633.521  |2 1981 
100 1 |a Husáková, Marta  |4 aut  |9 450750 
245 1 0 |a Chudobná príbuzná medzi plodinami  |b Na východnom Slovensku tejto jari zasejú ľan na 3600 hektároch  |c Marta Husáková 
650 0 7 |a ľan  |2 snkbucl  |9 23982 
651 7 |a 5400  |2 snkbucl  |9 279426 
655 7 |a články z novín a časopisov  |2 snkbucl  |9 267496 
773 0 |t Pravda  |g Roč. 64, č. 74 (29. 3. 1983), s. 1-2 
850 |a Slovenská národná knižnica v Martine  |a MTA001 
852 |a SNK  |b KIS3GCP 
958 |a RK 
992 |a RBX 
999 |c 1479996  |d 1481926